000 00384 a2200097 4500
245 0 0 _aElektroniczne przyrządy pomiarowe - Zasilacze elektroniczne stabilizowane prądu stałego Ogólne wymagania i badania PN-87/T-06504 /
_cMin. Przem. Maszynowego.
246 1 3 _aPN-87/T-06504
246 1 3 _a621.382
260 _aWarszawa :
_bMin. Przem. Maszynowego,
_c1987.
300 _a10 stron ;
_c30 cm.
650 _aPolska norma
999 _c20936
_d20936